Most Popular Social Media Platforms - Statistics

General Stats
  • This quiz has been taken 167 times
  • The average score is 6 of 10
Answer Stats
Users Platform % Correct
2B Instagram
98%
3B Facebook
93%
1.5B TikTok
92%
750M Snapchat
86%
619M X/ Twitter
86%
2.5B YouTube
73%
2B Whatsapp
70%
800M Telegram
24%
1.3B WeChat
12%
752M Douyin
4%
No matching quizzes found
Score Distribution
Percent of People with Each Score
Percentile by Number Answered
Your Score History
You have not taken this quiz